Más allá del PIB : (Registro nro. 194903)

Detalles MARC
000 -LEADER
campo de control de longitud fija 02033nam a2200397 i 4500
001 - NÚMERO DE CONTROL
campo de control 194903
003 - IDENTIFICADOR DE NÚMERO DE CONTROL
campo de control ES-MaACL
005 - FECHA Y HORA DE LA ÚLTIMA TRANSACCIÓN
campo de control 20250708193548.0
008 - DATOS DE LONGITUD FIJA--INFORMACIÓN GENERAL
campo de control de longitud fija 240321u2023uuuuuuuuu-|-o----u|----|eng-d
017 ## - NÚMERO DE COPYRIGHT O DE DEPÓSITO LEGAL
Número de copyright o de depósito legal BI 00113-2023
Agencia que asigna Oficina Depósito Legal Bilbao
020 ## - NÚMERO INTERNACIONAL ESTÁNDAR DEL LIBRO
Número Internacional Estándar del Libro 9788492937943
035 ## - NÚMERO DE CONTROL DEL SISTEMA
Número de control de sistema (CKB)5680000000302596
035 ## - NÚMERO DE CONTROL DEL SISTEMA
Número de control de sistema (EXLCZ)995680000000302596
040 ## - FUENTE DE CATALOGACIÓN
Lengua de catalogación spa
Centro/agencia transcriptor ES-MaACL
080 ## - NÚMERO DE LA CLASIFICACIÓN DECIMAL UNIVERSAL
Número de la Clasificación Decimal Universal 330.567.22 (460)
080 ## - NÚMERO DE LA CLASIFICACIÓN DECIMAL UNIVERSAL
Número de la Clasificación Decimal Universal 64.01:379.9 (460)
080 ## - NÚMERO DE LA CLASIFICACIÓN DECIMAL UNIVERSAL
Número de la Clasificación Decimal Universal 64.03/.06 (460)
100 ## - ENTRADA PRINCIPAL--NOMBRE DE PERSONA
Nombre de persona Candau Benegas, Eva
9 (RLIN) 236528
Término indicativo de función/relación Autor
245 10 - MENCIÓN DEL TÍTULO
Título Más allá del PIB :
Resto del título el valor de la producción doméstica y el ocio en España /
Mención de responsabilidad, etc. Eva Benages Candau, Alicia Gómez Tello, Laura Hernández Lahiguera ; dirigido por Francisco Pérez García, Ezequiel Uriel Jiménez
246 ## - FORMA VARIANTE DEL TITULO
Título propio/Titulo breve Más allá del PIB
250 ## - MENCION DE EDICION
Mención de edición Primera Edición : enero 2023
260 ## - PUBLICACIÓN, DISTRIBUCIÓN, ETC.
Lugar de publicación, distribución, etc. Bilbao :
Nombre del editor, distribuidor, etc. Fundación BBVA,
Fecha de publicación, distribución, etc. 2023
300 ## - DESCRIPCIÓN FÍSICA
Extensión 390 páginas ;
Dimensiones 24 cm
336 ## - TIPO DE CONTENIDO
Fuente rdacontent
Término de tipo de contenido texto
337 ## - TIPO DE MEDIO
Fuente rdamedia
Nombre/término del tipo de medio sin mediación
338 ## - TIPO DE SOPORTE
Fuente rdacarrier
Nombre/término del tipo de soporte volumen
520 ## - RESUMEN, ETC.
Sumario, etc. Esta monografía aborda los problemas que plantea ir más allá del producto interior bruto (PIB) con el fin de construir indicadores de bienestar más amplios, estimándolos para España. Tres limitaciones del PIB son que no considera el valor de gran parte de las actividades productivas o de ocio de los hogares, no refleja las desigualdades económicas y no tiene en cuenta externalidades negativas asociadas al crecimiento económico.
700 ## - ENTRADA AGREGADA--NOMBRE PERSONAL
Nombre de persona Gómez Tello, Alicia
Término indicativo de función/relación Autor
9 (RLIN) 238722
700 ## - ENTRADA AGREGADA--NOMBRE PERSONAL
Nombre de persona Hernández Lahiguera, Laura
Término indicativo de función/relación Autor
9 (RLIN) 159584
852 ## - LOCALIZACIÓN
Ubicación ES-MaACL
Ubicación en estantería Depósito J
Número de control de estantería N-9918
Encuadernación Encuadernación rústica con solapas
Donativo/Legado Donación: Editorial
itemnumber 205838
942 ## - ELEMENTOS DE ENTRADA SECUNDARIOS (KOHA)
Tipo de ítem Koha Libro impreso
Suprimir en OPAC No
Existencias
Estatus retirado Estado de pérdida Fuente del sistema de clasificación o colocación Estado de daño No para préstamo Biblioteca de origen Biblioteca actual Ubicación en estantería Fecha de adquisición Fuente de adquisición Total de préstamos Signatura topográfica completa Código de barras Visto por última vez Precio de reemplazo Tipo de ítem Koha
    Clasificación decimal universal     Biblioteca del Ateneo de Madrid Biblioteca del Ateneo de Madrid Depósito J 26/05/2025 Donación   N-9918 101230177 26/05/2025 26/05/2025 Libro impreso